Nom des Toupies avec Images - Beyblade Metal Fusion - Statistiques

Statistiques générales
  • Ce quiz a été pris 25 fois
  • Le résultat moyen est 13 sur 20
Statistiques - réponses
Par images Réponse % Correct
Storm Pegasus
89%
Rock Leone
84%
Dark Bull
79%
Dark Wolf
79%
Flame Sagittario
79%
Earth Eagle
74%
Flame Libra
74%
Storm Aquario
74%
Earth Virgo
68%
Rock Aries
68%
Rock Orso
68%
Storm Capricorn
68%
Cyber Pegasus
63%
Lightning L-Drago
63%
Rock Scorpio
63%
Evil Gemios
53%
Burn Fireblaze
47%
Thermal Pisces
47%
Poison Serpent
42%
Mad Gasher
21%
Aucun quiz correspondant
Distribution des résultats
% des personnes avec chaque résultat
Percentile par nombre de réponses
Votre historique - résultats
Vous n’avez pas pris ce quiz